Os problemas da família Gorgonzola (Record no. 189683)

MARC details
000 -LÍDER
campo de controle de tamanho fixo 00392 a2200169 4500
001 - NÚMERO DE CONTROLE
campo de controle 189683
020 ## - ISBN - INTERNATIONAL STANDARD BOOK NUMBER
ISBN - International Standard Book Number 85-260-0696-7
040 ## - FONTE DA CATALOGAÇÃO
Instituição que transcreveu o registro Magnum
100 ## - ENTRADA PRINCIPAL--NOME PESSOAL
Nome pessoal Furnari, Eva
240 10 - TÍTULO UNIFORME
Título uniforme Os problemas da família Gorgonzola
Idioma da obra por
245 10 - TÍTULO
Título Os problemas da família Gorgonzola
300 ## - DESCRIÇÃO FÍSICA
Extensão 24
362 0# - DATAS DE PUBLICAÇÃO E/OU DESIGNAÇÃO SEQUENCIAL
Datas de publicação e/ou designação sequencial 2004
440 #1 - DECLARAÇÃO DE SÉRIE/ENTRADA ADICIONADA--TÍTULO
Título Global
697 ## - ENTRADA DE ASSUNTO LOCAL--ENTIDADE COLETIVA (RLIN)
Nome corporativo ou nome da jurisdição LITERATURA INFANTO-JUVENIL
942 ## - ELEMENTOS DE ENTRADA ADICIONADOS (KOHA)
Tipo de material Koha Livros
Holdings
Situação do descarte Situação das perdas Situação física Não pode ser emprestado Biblioteca de origem Biblioteca atual Data de aquisição Total de empréstimos Número de chamada completo Código de barras Data de último acesso Data do preço efetivo Tipo de material Koha
        Magnum Magnum 08/06/2024   869.2.946 MAG00065173 08/06/2024 08/06/2024 Livros